Ausburger malerbildnisse der Dürerzeit (Record no. 7919)

MARC details
000 -CABECERA
campo de control de longitud fija 00847nam a2200265 a 4500
001 - NÚMERO DE CONTROL
campo de control BRCA_8251
005 - FECHA Y HORA DE LA ÚLTIMA TRANSACCIÓN
campo de control 20190320210210.0
008 - DATOS DE LONGITUD FIJA--INFORMACIÓN GENERAL
campo de control de longitud fija 290514s1948----gw-a###f##---#001-0#ger-#
041 ## - CÓDIGO DE LENGUA
Código de lengua del texto/banda sonora o título independiente ger
044 ## - CÓDIGO DEL PAÍS DE LA ENTIDAD EDITORA/PRODUCTORA
Código MARC del país gw
050 #4 - SIGNATURA TOPOGRÁFICA DE LA BIBLIOTECA DEL CONGRESO
Número de clasificación ND586
Número de documento/Ítem .W56 1948
100 1# - ENTRADA PRINCIPAL--NOMBRE DE PERSONA
Nombre de persona Winkler, Friedrich
9 (RLIN) 20589
245 10 - MENCIÓN DE TÍTULO
Título Ausburger malerbildnisse der Dürerzeit
Mención de responsabilidad, etc. Friedrich Winkler.
260 ## - PUBLICACIÓN, DISTRIBUCIÓN, ETC.
Lugar de publicación, distribución, etc. Berlín
Nombre del editor, distribuidor, etc. Deutscher Verein für Kunstwissenschaft
Fecha de publicación, distribución, etc. 1948
300 ## - DESCRIPCIÓN FÍSICA
Extensión 30 p.
Otras características físicas il., 20 láminas
Dimensiones 30 cm.
500 ## - NOTA GENERAL
Nota general T91
600 14 - PUNTO DE ACCESO ADICIONAL DE MATERIA--NOMBRE DE PERSONA
Nombre de persona Dürer, Albrecht
Fechas asociadas al nombre 1471-1528
Subdivisión de forma Pintor y grabador
Subdivisión geográfica Nuremberg, Alemania
9 (RLIN) 20590
650 14 - PUNTO DE ACCESO ADICIONAL DE MATERIA--TÉRMINO DE MATERIA
Término de materia o nombre geográfico como elemento de entrada Pintores alemanes
9 (RLIN) 797
650 14 - PUNTO DE ACCESO ADICIONAL DE MATERIA--TÉRMINO DE MATERIA
Término de materia o nombre geográfico como elemento de entrada Grabadores alemanes
9 (RLIN) 7216
650 14 - PUNTO DE ACCESO ADICIONAL DE MATERIA--TÉRMINO DE MATERIA
Término de materia o nombre geográfico como elemento de entrada Retratos
9 (RLIN) 18410
651 #4 - PUNTO DE ACCESO ADICIONAL DE MATERIA--NOMBRE GEOGRÁFICO
Nombre geográfico Hasburgo, Austria
Subdivisión de forma Paisajes
9 (RLIN) 20591
710 2# - PUNTO DE ACCESO ADICIONAL--NOMBRE DE ENTIDAD CORPORATIVA
Nombre de entidad corporativa o nombre de jurisdicción como elemento de entrada Deutscher Verein für Kunstwissenschaft
9 (RLIN) 20592
902 ## - CATALOGADOR
Iniciales GFM
942 ## - ELEMENTOS DE PUNTO DE ACCESO ADICIONAL (KOHA)
Fuente del sistema de clasificación o colocación Library of Congress Classification
Tipo de ítem Koha Libros
Holdings
Estado de retiro Estado de pérdida Estado dañado No para préstamo Localización permanente Ubicación/localización actual Fecha de adquisición Número de inventario Total de préstamos Signatura topográfica completa Código de barras Fecha visto por última vez Precio válido a partir de Tipo de ítem Koha
El ejemplar forma parte de la colección y puede ser consultado según las políticas vigentes.       Biblioteca del Museo Franz Mayer (Rogerio Casas-Alatriste) Biblioteca del Museo Franz Mayer (Rogerio Casas-Alatriste) 29/05/2014 T91   ND586 .W56 1948 (T91) 8875 22/03/2019 22/03/2019 Libros